Úloha poznatkovo intenzívnych služieb v ekonomike SR a krajín EÚ diplomová práca

Salvato in:
Dettagli Bibliografici
Autore principale: Jarošová, Michaela
Ente Autore: Obchodná fakulta EU. Katedra služieb a cestovného ruchu - zrušené
Altri autori: Kubičková, Viera, 1970-
Natura: Libro
Lingua:slovacco
Pubblicazione: Bratislava 2012
Tags: Aggiungi Tag
Nessun Tag, puoi essere il primo ad aggiungerne!!

MARC

LEADER 00000nbm a2200000 4500
001 0159080
005 20161109102227.5
041 0 |a slo 
044 |a SK 
245 1 0 |a Úloha poznatkovo intenzívnych služieb v ekonomike SR a krajín EÚ  |b diplomová práca  |c Michaela Jarošová ; školiteľ: Viera Kubičková 
264 1 |a Bratislava  |c 2012 
300 |a 88 s. 
100 1 |a Jarošová, Michaela 
700 1 |a Kubičková, Viera, 1970- 
710 2 |a Obchodná fakulta EU. Katedra služieb a cestovného ruchu - zrušené